Biblioteca

Lo que todo pastor debe saber de su líder de jóvenes (Registro nro. 69343)

Detalles MARC
000 -LÍDER
Campo fijo de descripción fija 01561aam a2200349 i 4500
001 - NÚMERO DE CONTROL
Campo de control 768714001
003 - IDENTIFICADOR DEL NÚMERO DE CONTROL
Campo de control CO-MdFUSB
005 - FECHA Y HORA DE LA ULTIMA TRANSACCIÓN
control field 20240417093348.0
007 - CAMPO FIJO DE DESCRIPCIÓN FIJA--INFORMACIÓN GENERAL
Campo fijo de descripción fija cr aa uaaaa
008 - ELEMENTOS DE LONGITUD FIJA -- INFORMACIÓN GENERAL
Campo fijo de descripción fija -- Información general 240416t2013 -us |||| |||| 00| 0 spa d
020 ## - NÚMERO INTERNACIONAL NORMALIZADO PARA LIBROS
Número Internacional Normalizado del libro 9780829759761
Información adicional [electrónico]
040 ## - FUENTE DE CATALOGACIÓN
Agencia que realiza la transcripción CO-MdFUSB
041 0# - CÓDIGO DE IDIOMA
Código de idioma para texto/pista de sonido o título separado spa
082 04 - NÚMERO DE CLASIFICACIÓN DECIMAL DEWEY
Número de clasificación 253
100 ## - ASIENTO PRINCIPAL--NOMBRE PERSONAL
Nombre personal Leys, Lucas,
Término relacionador autor
245 13 - TÍTULO
Título del Material Lo que todo pastor debe saber de su líder de jóvenes
Mención de responsabilidad, etc. / Lucas Leys
Medio físico [electrónico]
264 #1 - PRODUCCIÓN, PUBLICACIÓN, DISTRIBUCIÓN, MANUFACTURA, Y COPYRIGHT
Lugar de producción, publicación, distribución, manufactura Grand Rapids, Michigan :
Nombre del productor, publicador, distribuidor Vida,
Fecha de producción, publicación, distribución, manufactura, o copyright [2013]
264 #4 - PRODUCCIÓN, PUBLICACIÓN, DISTRIBUCIÓN, MANUFACTURA, Y COPYRIGHT
Fecha de producción, publicación, distribución, manufactura, o copyright ©2013
300 ## - DESCRIPCIÓN FÍSICA
Extensión 100 páginas
336 ## - TIPO DE CONTENIDO
Fuente rdacontent
Término de tipo de contenido texto
Código de tipo de contenido txt
337 ## - TIPO DE MEDIO
Fuente rdamedia
Nombre del tipo de medio informático
Código del tipo de medio c
338 ## - TIPO DE SOPORTE
Fuente rdacarrier
Nombre del tipo de soporte remoto
Código Tipo de soporte cr
505 ## - NOTA DE CONTENIDO
Nota de contenido con formato preestablecido No es UN accidente. -- Las características esenciales. -- ¿Qué hacemos con estos adolescentes? -- La descripción del trabajo. -- Ministerio intergeneracional. -- Su líder juvenil es peor de lo que usted supone. -- El secreto que siempre produce los mejores resultados. -- El círculo de crecimiento.
506 ## - NOTA DE RESTRICCIONES DE ACCESO
Condiciones de acceso Solicitar clave y usuario para acceder al libro electrónico.
650 #7 - ASIENTO SECUNDARIO DE MATERIA - TERMINO TEMÁTICO
Término temático o nombre geográfico como elemento de entrada Liderazgo
Fuente del encabezamiento o término embne
9 (RLIN) 7265
650 #7 - ASIENTO SECUNDARIO DE MATERIA - TERMINO TEMÁTICO
Término temático o nombre geográfico como elemento de entrada Educación cristiana de jóvenes
Fuente del encabezamiento o término embne
9 (RLIN) 7018
856 ## - LOCALIZACIÓN Y ACCESO ELECTRÓNICOS
Numero de Acceso 2978583
Identificador Uniforme del Recurso <a href="https://web.p.ebscohost.com/ehost/detail/detail?vid=7&sid=8831ff61-7f75-483c-ab20-f69c4746555d%40redis&bdata=Jmxhbmc9ZXMmc2l0ZT1laG9zdC1saXZl#db=nlebk&AN=2978583&anchor=tocAnchor">https://web.p.ebscohost.com/ehost/detail/detail?vid=7&sid=8831ff61-7f75-483c-ab20-f69c4746555d%40redis&bdata=Jmxhbmc9ZXMmc2l0ZT1laG9zdC1saXZl#db=nlebk&AN=2978583&anchor=tocAnchor</a>
Nota dirigida al público <a href="Abrir Versión electrónica del libro AQUÏ">Abrir Versión electrónica del libro AQUÏ</a>
942 ## - TIPO DE MATERIAL (KOHA)
Tipo de Item KOHA Libro electrónico
945 ## - INFORMACIÓN LOCAL DEL REGISTRO
Catalogador JTF-925
Existencias
Estado de Material Estado de Perdido Forma de Clasificación Estado de Dañado No para Préstamo Colección Biblioteca de Origen Biblioteca Permanente Ubicación en Estantería Fecha de Adquisición Área Total de Préstamos Signatura Topográfica Código de Barras Última vez visto Ejemplar/Existencia Url Fecha de Remplazo Tipo de Material
    Dewey Decimal Classification     Colección Libros Electrónicos Biblioteca FUSBC Biblioteca FUSBC Libro electrónico 17/04/2024 LIDERAZGO   EBSCO 2978583 17/04/2024 Ej. 1 https://bit.ly/4aZ1jY0 17/04/2024 Libro electrónico

Biblioteca FUSBC | Teléfono: (57+4) 349 88 10 Ext. 141| WhatsApp (+57) 3005338115 
E-mail: biblioteca@unisbc.edu.co | Calle 76 87-14 Robledo Palenque, Medellín, Colombia

Con tecnología Koha